|
|
|
|
| LEADER |
00000nam0a2200000 4500 |
| 001 |
109707 |
| 005 |
20231031120135.0 |
| 010 |
|
|
|a 5931963944
|
| 035 |
|
|
|a (RuTPU)RU\TPU\book\118470
|
| 090 |
|
|
|a 109707
|
| 100 |
|
|
|a 20070212d2006 km y0rusy50 ca
|
| 101 |
0 |
|
|a rus
|
| 102 |
|
|
|a RU
|
| 105 |
|
|
|a a l 000zy
|
| 200 |
1 |
|
|a Пособие для изучения правил технической эксплуатации электрических станций и сетей. Электрическое оборудование
|f под ред. Ф. Л. Когана
|
| 210 |
|
|
|a Москва
|c НЦ Энас
|d 2006
|
| 215 |
|
|
|a 351 с.
|c ил.
|
| 330 |
|
|
|a В пособии приведены пояснения к разделу 5 Правил технической эксплуатации электрических станций и сетей Российской Федерации, утвержденных приказом Минэнерго России от 19 июня 2003 г. № 229. Для персонала электростанций, электрических сетей и энергосистем. Пособие поможет специалистам в изучении Правил при приеме на работу и при подготовке к очередной проверке знаний.
|
| 451 |
|
1 |
|0 (RuTPU)RU\TPU\book\70805
|y 5-93196-394-4
|t Пособие для изучения правил технической эксплуатации электрических станций и сетей. Электрическое оборудование
|f Под ред. Ф. Л. Когана
|c М.
|n НЦ ЭНАС
|d 2004
|p 352 с.
|
| 610 |
1 |
|
|a электрические станции
|
| 610 |
1 |
|
|a электрические сети
|
| 610 |
1 |
|
|a генераторы
|
| 610 |
1 |
|
|a компенсаторы синхронные
|
| 610 |
1 |
|
|a электродвигатели
|
| 610 |
1 |
|
|a силовые трансформаторы
|
| 610 |
1 |
|
|a масляные реакторы
|
| 610 |
1 |
|
|a распределительные устройства
|
| 610 |
1 |
|
|a аккумуляторные установки
|
| 610 |
1 |
|
|a конденсаторные установки
|
| 610 |
1 |
|
|a воздушные линии электропередачи
|
| 610 |
1 |
|
|a силовые кабельные линии
|
| 610 |
1 |
|
|a релейная защита
|
| 610 |
1 |
|
|a электроавтоматика
|
| 610 |
1 |
|
|a заземляющие устройства
|
| 610 |
1 |
|
|a освещение
|
| 610 |
1 |
|
|a электролизные установки
|
| 610 |
1 |
|
|a энергетические масла
|
| 610 |
1 |
|
|a учебные пособия
|
| 675 |
|
|
|a 621.311.2.002.5-83(07)
|v 3
|
| 675 |
|
|
|a 621.311.1.004(07)
|v 3
|
| 702 |
|
1 |
|a Коган
|b Ф. Л.
|4 340
|
| 801 |
|
1 |
|a RU
|b 63413507
|c 20070212
|g PSBO
|
| 801 |
|
2 |
|a RU
|b 63413507
|c 20091118
|g PSBO
|
| 900 |
|
|
|a Электрооборудование промышленности
|
| 900 |
|
|
|a Вероятностные задачи электроэнергетики
|
| 942 |
|
|
|c BK
|
| 959 |
|
|
|a 13/20070212
|d 1
|e 418,00
|f ЧЗКДП:1
|